000 01014nac a22002531u 4500
090 _c4517
008 081111t xxu||||| |||| 00| 0 eng d
010 _a 96031703
020 _a0132556391 (pbk.)
082 0 0 _a004
_bL8481
100 _aLong, Larry E.
245 1 0 _aIntroduction to computers & information systems /
_cLarry Long & Nancy Long.
246 3 _aIntroduction to computers and information systems
250 _a5th ed., the Internet ed.
260 _aUpper Saddle River, NJ :
_bPrentice Hall,
_cc1997.
300 _axv, 240, 128, 17, 14 p. :
_bill. (some col.), col. map ;
_c28 cm.
500 _aRev. ed. of: Introduction to computers and information systems. 4th ed. c1994.
500 _aIncludes index.
650 0 _aElectronic digital computers.
650 0 _aElectronic data processing.
700 1 _aLong, Nancy,
_d1947-
942 _cBB
_k004L8481
_2ddc
999 _c4517
_d4517